000 01161nam0a22003251 4500
001 RU\NLR\ONIZ\198222
005 20250624194733.0
010 _a978-5-7379-0360-2
035 _aRU\NLR\ONIZ\lanatalya\5000002525\20140527113019
035 _a(NLR Aleph) 010888844
090 _a10540765
_c10540765
100 _a20140527d2008 |||y0rusy50 ca
101 0 _arus
102 _aRU
105 _aa ||||000|y
200 1 _aСтилевые метаморфозы рока
_fВ. Сыров
210 _aСанкт-Петербург
_cКомпозитор - Санкт-Петербург
_d2008
215 _a312 с.
_cнот.
_d21х15 см
606 1 _aРок-музыка
_xСтилевые направления
_xКниги
_2nlr_sh
686 _aЩ310.4 (2Р=Р)
_vLBC/SL
_2rubbk
700 1 _9z02790
_aСыров
_bВ. Н.
_gВалерий Николаевич
_4070
790 1 _9z02700
_aSy`rov
_bV. N.
_gValeriy Nikolaevich
_4070
801 0 _aRU
_bNLR
_c20140527
_gPSBO
801 1 _aRU
_bNLR
_c20140527
_2rusmarc
801 2 _aRU
_bNLR
_c20151105
852 _aNLR
_bМс
_j50/С.953
_pАэ 11718
_t1
942 _cBOOK
980 _aNB
980 _aONIZ